000 00718nam a2200229Ia 4500
005 20220614145728.0
008 210716s2009 xx 000 0 und d
020 _a9788125909828
040 _cAIMIT LIBRARY
041 _aeng
082 _a511.2
_22
_bMONG
100 _aMonga, G S.
_942311
245 _aMathematics and statistics for economics.
250 _a2 nd ed.
_bSecond revised edition
260 _aNew Delhi :
_bVikas Publishing House Pvt Ltd ,
_c2009.
300 _axvi,895p. ;
_bPB
_c24cm.
650 _aMathematical Reasoning
_942312
650 _aAnalytical geometry
_942313
650 _aFunctions and limits
_942314
650 _aLinear programming
_942315
942 _2ddc
_cBK
_e2nd
_k511.2 MONG
999 _c205552
_d205552